Mehrsprachigkeit im individuellen und gesellschaftlichen Kontext

Tento článok skúma viacjazyčnosť v celej jej komplexnosti – ako individuálny potenciál, ako sociálnu realitu a ako výzvu pre sociálne systémy. Cieľom je rozvinúť diferencované chápanie toho, ako možno viacjazyčnosť praktizovať, vnímať a politicky formovať v rôznych oblastiach života.

Na minha lista:
Detalhes bibliográficos
Autor principal: Kucharová, Jana, 1981-
Formato: Capítulo de Livro
Idioma:alemão
Assuntos:
Tags: Adicionar Tag
Sem tags, seja o primeiro a adicionar uma tag!

MARC

LEADER 00000naa$a2200000$$$4500
001 0312407
005 20260205104745.8
041 0 |a ger 
044 |a CZ 
245 1 0 |a Mehrsprachigkeit im individuellen und gesellschaftlichen Kontext  |c Jana Kucharová 
520 |a Tento článok skúma viacjazyčnosť v celej jej komplexnosti – ako individuálny potenciál, ako sociálnu realitu a ako výzvu pre sociálne systémy. Cieľom je rozvinúť diferencované chápanie toho, ako možno viacjazyčnosť praktizovať, vnímať a politicky formovať v rôznych oblastiach života. 
610 2 0 |a jazyky cudzie 
610 2 0 |a viacjazyčnosť 
610 2 0 |a komunikácia 
610 2 0 |a spoločnosť 
610 2 0 |a štýl životný 
100 1 |a Kucharová, Jana, 1981-